Oxford advanced learners: International students edition/ (Record no. 1141)

000 -LEADER
fixed length control field 00544nam a22001817a 4500
003 - CONTROL NUMBER IDENTIFIER
control field OSt
005 - DATE AND TIME OF LATEST TRANSACTION
control field 20140116120847.0
008 - FIXED-LENGTH DATA ELEMENTS--GENERAL INFORMATION
fixed length control field 130423b xxu||||| |||| 00| 0 eng d
050 ## - LIBRARY OF CONGRESS CALL NUMBER
Classification number REF PE 1625 .H6 2010
245 ## - TITLE STATEMENT
Title Oxford advanced learners: International students edition/
Statement of responsibility, etc Hornby S.A ,
250 ## - EDITION STATEMENT
Edition statement 8th ed.
260 ## - PUBLICATION, DISTRIBUTION, ETC. (IMPRINT)
Place of publication, distribution, etc Oxford,
Name of publisher, distributor, etc Oxford University Press,
Date of publication, distribution, etc c2010.
300 ## - PHYSICAL DESCRIPTION
Extent xii,1732p.:
Other physical details ill.;
504 ## - BIBLIOGRAPHY, ETC. NOTE
Bibliography, etc Includes oxford writing tutor
650 ## - SUBJECT ADDED ENTRY--TOPICAL TERM
Topical term or geographic name as entry element English Language-dictionaries
700 ## - ADDED ENTRY--PERSONAL NAME
Personal name Joanna, Turnbull
942 ## - ADDED ENTRY ELEMENTS (KOHA)
Source of classification or shelving scheme
Koha item type Reference material
Holdings
Withdrawn status Lost status Source of classification or shelving scheme Damaged status Not for loan Home library Current library Date acquired Total Checkouts Full call number Barcode Date last seen Copy number Price effective from Koha item type
          Riara University Library Riara University Library 23/04/2013   REF PE 1625 .H6 2010 3931/13 23/04/2013 C.1 23/04/2013 Reference material

Riara University Library,
P.O. Box 49940-00100,
Nairobi, Kenya.